El fin de todas las guerras: un estudio de filosofía política
Guardat en:
| Autor principal: | |
|---|---|
| Format: | Llibre |
| Idioma: | espanyol |
| Publicat: |
Santiago
LOM
2001
|
| Edició: | 1a. ed |
| Col·lecció: | Colección Escafandra
|
| Matèries: | |
| Etiquetes: |
Afegir etiqueta
Sense etiquetes, Sigues el primer a etiquetar aquest registre!
|
MARC
| LEADER | 00000cam a2200000 a 4500 | ||
|---|---|---|---|
| 001 | UCM9776 | ||
| 003 | CL-VaPUC | ||
| 008 | 030523e20010000CL |||||||||||||||||spa|d | ||
| 020 | |a 9562824128 | ||
| 082 | 0 | 4 | |a 320.01 |b MIR |2 21 |
| 100 | |a Mires, Fernando |e autor |9 587876 | ||
| 245 | 1 | 3 | |a El fin de todas las guerras: un estudio de filosofía política |
| 250 | |a 1a. ed | ||
| 300 | |a 255 p | ||
| 942 | |c BK | ||
| 945 | |d 20030523 00:00:00 |a rbrito | ||
| 260 | |a Santiago |b LOM |c 2001 | ||
| 650 | 7 | |a FILOSOFIA POLITICA |2 CL-VaPUC |9 476383 | |
| 650 | 0 | |a Ética |9 255099 | |
| 650 | 0 | |a Valores sociales |9 309627 | |
| 650 | 0 | |a Paz |9 259242 | |
| 650 | 0 | |a Derechos humanos |9 223025 | |
| 650 | 0 | |a Soberanía |9 266726 | |
| 583 | |a last modification |c 20160617 10:30:59 |k Rodrigo Vera | ||
| 490 | 0 | |a Colección Escafandra | |
| 999 | |c 303900 |d 303898 | ||
| 952 | |0 0 |1 0 |4 0 |6 320_010000000000000_MIR_2001 |7 0 |8 A |9 365493 |a BIBHIS |b BIBHIS |d 2019-11-21 |i 3844595 |o 320.01 MIR 2001 |p 3844595 |r 2025-01-20 |w 2019-11-21 |y BK |k HIS | ||
| 952 | |0 0 |1 0 |3 erb |4 0 |6 320_010000000000000_MIR_2001 |7 0 |8 A |9 365494 |a FDOHBE |b FDOHBE |e Huesbe Llanos, Marco Antonio, 1934- |i 5310245 |o 320.01 MIR 2001 |p 5310245 |r 2024-01-30 |w 2019-11-21 |y BK |z Catalogado en:20160623 |k HBE | ||